[Event "Central America Carribean-ch U20"]
[Site "Porlamar"]
[Date "2015.08.27"]
[Round "7"]
[White "Gascon del Nogal, Jose Rafael"]
[Black "Moreno Chacon, Luis Manuel"]
[Result "1-0"]
[WhiteElo "2371"]
[BlackElo "2201"]
[PlyCount "81"]
[EventDate "2015.08.22"]
[EventType "swiss"]
[EventRounds "9"]
[EventCountry "VEN"]
[SourceTitle "EXT 2018"]
[Source "ChessBase"]
[SourceDate "2017.10.13"]
[SourceVersion "1"]
[SourceVersionDate "2017.10.13"]
[SourceQuality "1"]

1. e4 c5 2. Nf3 e6 3. d4 cxd4 4. Nxd4 Nc6 5. Nc3 Qc7 6. Be3 a6 7. Qf3 Bd6 8. 0-0-0 Be5 9. g3 Nf6 10. Qe2 b5 11. f4 Bxd4 12. Bxd4 Nxd4 13. Rxd4 Bb7 14. Bg2 Qc5 15. e5 Bxg2 16. Qxg2 0-0 17. Qd2 b4 18. exf6 bxc3 19. Qxc3 Qxc3 20. bxc3 d5 21. fxg7 Rfc8 22. c4 dxc4 23. Kd2 c3+ 24. Kd3 Rab8 25. Rc4 Rxc4 26. Kxc4 Rb2 27. Kxc3 Rxa2 28. Kb3 Ra5 29. c4 Rc5 30. Kb4 Rc6 31. c5 Kxg7 32. Rd1 Rc8 33. Rd6 a5+ 34. Kc4 Ra8 35. c6 Kf8 36. c7 Ke7 37. Kc5 a4 38. Ra6 Rxa6 39. c8Q Ra7 40. Kb4 Rd7 41. Qh8 1-0

[Event "Central America Carribean-ch U20"]
[Site "Porlamar"]
[Date "2015.08.24"]
[Round "4"]
[White "Moreno Chacon, Luis Manuel"]
[Black "Gascon del Nogal, Carlos Arturo"]
[Result "1-0"]
[WhiteElo "2201"]
[BlackElo "1913"]
[PlyCount "76"]
[EventDate "2015.08.22"]
[EventType "swiss"]
[EventRounds "9"]
[EventCountry "VEN"]
[SourceTitle "EXT 2018"]
[Source "ChessBase"]
[SourceDate "2017.10.13"]
[SourceVersion "1"]
[SourceVersionDate "2017.10.13"]
[SourceQuality "1"]

1. e4 e6 2. d4 d5 3. Nd2 Nf6 4. e5 Nfd7 5. f4 c5 6. Ngf3 b6 7. Be2 Ba6 8. c3 Bxe2 9. Qxe2 Be7 10. Nf1 Nc6 11. Ne3 g6 12. Bd2 Rc8 13. 0-0 h5 14. Rad1 c4 15. Be1 Nf8 16. Bf2 b5 17. a3 a6 18. Qe1 Rb8 19. Bh4 Bxh4 20. Nxh4 Ne7 21. g3 Nf5 22. Nf3 Nxe3 23. Qxe3 Kd7 24. Kg2 a5 25. Nd2 Qe7 26. Ra1 Ra8 27. Rfb1 Nh7 28. b3 Rhb8 29. a4 cxb3 30. Nxb3 Ke8 31. Qd3 b4 32. cxb4 Qxb4 33. Nc5 Qc4 34. Qxc4 dxc4 35. Nb7 Ke7 36. Rb5 Ra7 37. Nxa5 Rxb5 38. axb5 Ra8 1-0

[Event "Central America Carribean-ch U20"]
[Site "Porlamar"]
[Date "2015.08.22"]
[Round "1"]
[White "Ramos Castro, Luis Asdrubal"]
[Black "Moreno Chacon, Luis Manuel"]
[Result "0-1"]
[WhiteElo "1584"]
[BlackElo "2201"]
[PlyCount "40"]
[EventDate "2015.08.22"]
[EventType "swiss"]
[EventRounds "9"]
[EventCountry "VEN"]
[SourceTitle "EXT 2018"]
[Source "ChessBase"]
[SourceDate "2017.10.13"]
[SourceVersion "1"]
[SourceVersionDate "2017.10.13"]
[SourceQuality "1"]

1. e4 c5 2. c3 Nf6 3. Qc2 Nc6 4. Nf3 e6 5. Be2 d5 6. exd5 Nxd5 7. 0-0 Bd6 8. d4 cxd4 9. cxd4 0-0 10. Nc3 Nxc3 11. bxc3 e5 12. Rd1 exd4 13. Nxd4 Nxd4 14. Rxd4 Qf6 15. Bf3 Be5 16. Rc4 Be6 17. Ra4 Rfc8 18. Bb2 Bxc3 19. Bxc3 Rxc3 20. Qe4 Rc4 0-1

[Event "Caracas Hernandez Cup"]
[Site "Caracas"]
[Date "2014.10.11"]
[Round "6"]
[White "Guerrero Vargas, Andres Jesus"]
[Black "Moreno Chacon, Luis Manuel"]
[Result "1-0"]
[WhiteElo "2327"]
[BlackElo "2255"]
[PlyCount "43"]
[EventDate "2014.10.08"]
[EventType "swiss"]
[EventRounds "9"]
[EventCountry "VEN"]
[SourceTitle "EXT 2016"]
[Source "ChessBase"]
[SourceDate "2015.10.08"]
[SourceVersion "1"]
[SourceVersionDate "2015.10.08"]
[SourceQuality "1"]

1. e4 c5 2. c3 Nf6 3. e5 Nd5 4. Nf3 e6 5. d4 cxd4 6. cxd4 d6 7. Bc4 Nc6 8. 0-0 Be7 9. Qe2 0-0 10. Nc3 Nxc3 11. bxc3 dxe5 12. dxe5 Qa5 13. Qe4 Rd8 14. Rb1 Qxc3 15. Rb3 f5 16. exf6 Qxf6 17. Ng5 Qg6 18. Qxg6 hxg6 19. Nxe6 Na5 20. Nxd8+ Nxc4 21. Nxb7 Rb8 22. Na5 1-0

[Event "Central America-ch U18 4th"]
[Site "Armenia"]
[Date "2013.11.05"]
[Round "2"]
[White "Hernandez, Cristian Andres"]
[Black "Moreno Chacon, Luis Manuel"]
[Result "1-0"]
[WhiteElo "2157"]
[BlackElo "2010"]
[PlyCount "81"]
[EventDate "2013.11.05"]
[EventType "swiss"]
[EventRounds "6"]
[EventCountry "COL"]
[SourceTitle "EXT 2016"]
[Source "ChessBase"]
[SourceDate "2015.10.08"]
[SourceVersion "1"]
[SourceVersionDate "2015.10.08"]
[SourceQuality "1"]

1. d4 d5 2. c4 c6 3. Nf3 Nf6 4. g3 Bf5 5. Bg2 dxc4 6. Ne5 Nbd7 7. Nxc4 Nb6 8. Nba3 e6 9. 0-0 Bxa3 10. Nxa3 0-0 11. f3 Bg6 12. e4 Qe7 13. Be3 Rfd8 14. Qb3 Rd7 15. Nc2 Rad8 16. Bh3 Nc8 17. Nb4 Rxd4 18. Bxd4 Rxd4 19. Nd3 h6 20. Nf4 Qc5 21. Qe3 Ne7 22. Ne2 Rc4 23. Qxc5 Rxc5 24. Rac1 Rxc1 25. Rxc1 Kf8 26. Nf4 Ke8 27. Nxg6 Nxg6 28. Kf2 Kd7 29. Ke3 Kc7 30. f4 e5 31. Bf5 exf4+ 32. gxf4 Ne7 33. Bh3 g6 34. Kd4 Ne8 35. Ke5 Nd6 36. Rd1 g5 37. Rxd6 Ng6+ 38. Rxg6 fxg6 39. fxg5 hxg5 40. Kf6 Kd8 41. Kf7 1-0